000
00271nam a2200109Ia 4500
008
200302s9999 xx 000 0 und d
100
_a
John Lidstone
245
_a
Design Activities for the Classroom
260
_b
Davis Publications, Inc
260
_c
1977
300
_a
104 P.,
999
_c
277
_d
277